ბათუმის შოთა რუსთაველის სახელმწიფო უნივერსიტეტის ბიბლიოთეკა

თხზულებათა სრული კრებული (ბიბ.ჩანაწერი № 49824)

000 -LEADER
fixed length control field 00889nam a2200217Ia 4500
001 - CONTROL NUMBER
control field 16759
003 - CONTROL NUMBER IDENTIFIER
control field GE_BSU
008 - FIXED-LENGTH DATA ELEMENTS--GENERAL INFORMATION
fixed length control field 181216s||||||||xx |||||||||||||| ||und||
040 ## - CATALOGING SOURCE
Transcribing agency GE_BSU
080 ## - UNIVERSAL DECIMAL CLASSIFICATION NUMBER
Universal Decimal Classification number 821.353.1-1
100 ## - MAIN ENTRY--PERSONAL NAME
Personal name ბესიკი (1750-1791)
245 ## - TITLE STATEMENT
Title თხზულებათა სრული კრებული
245 ## - TITLE STATEMENT
Statement of responsibility, etc. ტექსტი, შენიშვნები, ლექსიკონი / ალ. ბარამიძისა და ვ. თოფურიას რედ. ; [ალ. ბარამიძის წინასიტყვაობით
250 ## - EDITION STATEMENT
Edition statement მე-6 გამოც
260 ## - PUBLICATION, DISTRIBUTION, ETC.
Place of publication, distribution, etc. თბილისი
260 ## - PUBLICATION, DISTRIBUTION, ETC.
Name of publisher, distributor, etc. საბჭ. მწერალი
260 ## - PUBLICATION, DISTRIBUTION, ETC.
Date of publication, distribution, etc. 1962
300 ## - PHYSICAL DESCRIPTION
Extent 361გვ. ; 21სმ
653 ## - INDEX TERM--UNCONTROLLED
Uncontrolled term თხზულებათა სრული კრებული
942 ## - ADDED ENTRY ELEMENTS (KOHA)
Koha item type წიგნი
ეგზემპლარები
Withdrawn status Lost status Damaged status Not for loan Date acquired Barcode Date last seen Price effective from Koha item type
        2018-12-17 22191 2018-12-17 2018-12-17 წიგნი
        2018-12-17 22192 2018-12-17 2018-12-17 წიგნი
        2018-12-17 22193 2018-12-17 2018-12-17 წიგნი